U.S. State Word Chain - Statistics

General Stats
  • This quiz has been taken 51 times
    33 since last reset
  • The average score is 8 of 8
Answer Stats
Hint Answer % Correct
State with the Salt Lake Utah
100%
Only State with no land borders Hawaii
97%
State with most potato production Idaho
97%
State with biggest city in the U.S. New York
97%
Home of the Crimson Tide Alabama
94%
Mount Rushmore is in this state South Dakota
94%
The Beaver State Oregon
91%
Geographic center of the lower 48 Kansas
88%
No matching quizzes found
Score Distribution
Percent of People with Each Score
Percentile by Number Answered
Your Score History
You have not taken this quiz since the last reset